书目信息 |
| 题名: |
室内设计创意与表现
|
|
| 作者: | 周丽霞 编著 | |
| 分册: | ||
| 出版信息: | 北京 清华大学出版社 2013 |
|
| 页数: | 148页 | |
| 开本: | 26cm | |
| 丛书名: | ||
| 单 册: | ||
| 中图分类: | TU204.11 | |
| 科图分类: | ||
| 主题词: | 室内装饰设计--绘画技法 , 绘画技法 , 室内装饰设计 | |
| 电子资源: | ||
| ISBN: | 978-7-302-32922-0 | |
| 000 | 01108nam0 2200265 450 | |
| 001 | 142191 | |
| 005 | 20141220121248.46 | |
| 010 | @a978-7-302-32922-0@dCNY 39.00 | |
| 100 | @a20130912d2013 em y0chiy50 ea | |
| 101 | 0 | @achi |
| 102 | @aCN@b110000 | |
| 105 | @aa z 000yy | |
| 200 | 1 | @a室内设计创意与表现@9shi nei she ji chuang yi yu biao xian@b专著@f周丽霞编著 |
| 210 | @a北京@c清华大学出版社@d2013 | |
| 215 | @a148页@c图@d26cm | |
| 312 | @a封面英文题名:Interior design and expression | |
| 330 | @a本书认真梳理了多年手绘设计表现与设计教学的成熟经验和课程实践中反馈效果良好的教学方法,配合大量的支撑材料和教学实例资料,全面分析方案设计与手绘表现的关系;全新整合表达手法、探讨色彩使用规律、解析手绘表现技巧。通过实例设计分析和丰富的手绘设计题材帮助学生全面理解手绘设计思想、拓展表达内容范围、理解设计与手绘表现、综合提高手绘设计能力。 | |
| 510 | 1 | @aInterior design and expression@zeng |
| 606 | 0 | @a室内装饰设计@x绘画技法 |
| 606 | 0 | @a绘画技法 |
| 606 | 0 | @a室内装饰设计 |
| 690 | @aTU204.11@v5 | |
| 701 | 0 | @a周丽霞@9zhou li xia@4编著 |
| 801 | 0 | @c20141220 |
| 905 | @a241430@dTU204.11@eZ770 | |
| 室内设计创意与表现/周丽霞编著.-北京:清华大学出版社,2013 |
| 148页:图;26cm |
| ISBN 978-7-302-32922-0:CNY 39.00 |
| 本书认真梳理了多年手绘设计表现与设计教学的成熟经验和课程实践中反馈效果良好的教学方法,配合大量的支撑材料和教学实例资料,全面分析方案设计与手绘表现的关系;全新整合表达手法、探讨色彩使用规律、解析手绘表现技巧。通过实例设计分析和丰富的手绘设计题材帮助学生全面理解手绘设计思想、拓展表达内容范围、理解设计与手绘表现、综合提高手绘设计能力。 |
| ● |
| 相关链接 |
|
|
|
正题名:室内设计创意与表现
索取号:TU204.11/Z770
 
预约/预借
| 序号 | 登录号 | 条形码 | 馆藏地/架位号 | 状态 | 备注 |
| 1 | 1134190 | 211341902 | 建筑库101/101建筑库 111排3列6层/ [索取号:TU204.11/Z770] | 在馆 | |
| 2 | 1134191 | 211341911 | 建筑库101/101建筑库 111排3列6层/ [索取号:TU204.11/Z770] | 在馆 | |
| 3 | 1134192 | 211341920 | 建筑库101/101建筑库 111排3列6层/ [索取号:TU204.11/Z770] | 在馆 |